[Event "Gallipoli Salento op 14th"]
[Site "Gallipoli"]
[Date "2025.05.22"]
[Round "7"]
[White "Mensing, Adrian"]
[Black "Gusain, Himal"]
[Result "0-1"]
[WhiteElo "2073"]
[BlackElo "2523"]
[PlyCount "54"]
[EventDate "2025.05.17"]
[EventType "swiss"]
[EventRounds "9"]
[EventCountry "ITA"]
[SourceTitle "CB22_2025"]
[SourceDate "2025.05.28"]
[SourceVersion "1"]
[SourceVersionDate "2025.05.28"]
[SourceQuality "1"]

1. d4 d5 2. c4 e6 3. Nf3 Nf6 4. g3 Be7 5. Bg2 Ne4 6. 0-0 f5 7. b3 Nc6 8. Ba3 Bf6 9. e3 h5 10. Nfd2 h4 11. Nxe4 dxe4 12. Nd2 hxg3 13. Nxe4 gxh2+ 14. Kh1 fxe4 15. Bxe4 Ne7 16. Qd3 Kf7 17. Rad1 a5 18. d5 exd5 19. cxd5 Bh3 20. Rfe1 Qd7 21. Bf3 Ng6 22. d6 c6 23. Be4 Nh4 24. Qc4+ Be6 25. Qe2 Rae8 26. Bb2 Bxb2 27. Qxb2 Bh3 0-1

[Event "Reykjavik op"]
[Site "Reykjavik"]
[Date "2025.04.15"]
[Round "9"]
[White "Mensing, Adrian"]
[Black "Frayna, Janelle Mae"]
[Result "0-1"]
[WhiteElo "2078"]
[BlackElo "2311"]
[PlyCount "64"]
[EventDate "2025.04.09"]
[EventType "swiss"]
[EventRounds "9"]
[EventCountry "ISL"]
[SourceTitle "CB17_2025"]
[SourceDate "2025.04.23"]
[SourceVersion "1"]
[SourceVersionDate "2025.04.23"]
[SourceQuality "1"]

1. Nf3 Nf6 2. d4 g6 3. Nc3 Bg7 4. h4 h6 5. Bf4 d6 6. e4 Bg4 7. Qd2 Nc6 8. d5 Nb8 9. e5 dxe5 10. Nxe5 Bf5 11. Bc4 Nbd7 12. Nxf7 Kxf7 13. d6+ Be6 14. dxc7 Qe8 15. Bxe6+ Kxe6 16. 0-0-0 Kf7 17. Rhe1 Nb6 18. Qe2 Kg8 19. a4 Kh7 20. a5 Na4 21. Nb5 Qc6 22. Nd4 Qd5 23. Qe6 Qxa5 24. h5 Nxh5 25. Be5 Nc5 26. Qxe7 Rhe8 27. Qf7 Rf8 28. Qc4 Bxe5 29. Rxe5 Nb3+ 30. Qxb3 Qxe5 31. Qxb7 Rac8 32. Nc6 Rxc7 0-1

[Event "Reykjavik op"]
[Site "Reykjavik"]
[Date "2025.04.13"]
[Round "6"]
[White "Muskens, Mink"]
[Black "Mensing, Adrian"]
[Result "0-1"]
[WhiteElo "1841"]
[BlackElo "2078"]
[PlyCount "56"]
[EventDate "2025.04.09"]
[EventType "swiss"]
[EventRounds "9"]
[EventCountry "ISL"]
[SourceTitle "CB17_2025"]
[SourceDate "2025.04.23"]
[SourceVersion "1"]
[SourceVersionDate "2025.04.23"]
[SourceQuality "1"]

1. e4 e5 2. Nf3 d5 3. Nxe5 Bd6 4. d4 dxe4 5. Bb5+ Nd7 6. Nxd7 Bxd7 7. Bxd7+ Qxd7 8. 0-0 0-0-0 9. c4 f5 10. c5 Bxc5 11. Bf4 Qxd4 12. Qc2 Bb6 13. Na3 Ne7 14. Nb5 Qd3 15. Qa4 Nc6 16. Rac1 g5 17. Bxc7 Bxc7 18. Rxc6 bxc6 19. Nxa7+ Kb7 20. Qxc6+ Kb8 21. Nb5 Qd7 22. Qa6 Bf4 23. g3 Qb7 24. Qa5 e3 25. gxf4 gxf4 26. fxe3 fxe3 27. Rf3 Rhg8+ 28. Rg3 Rd1+ 0-1

[Event "Reykjavik op"]
[Site "Reykjavik"]
[Date "2025.04.10"]
[Round "3"]
[White "Mensing, Adrian"]
[Black "Kiss, Inez"]
[Result "1-0"]
[WhiteElo "2078"]
[BlackElo "1812"]
[PlyCount "79"]
[EventDate "2025.04.09"]
[EventType "swiss"]
[EventRounds "9"]
[EventCountry "ISL"]
[SourceTitle "CB17_2025"]
[SourceDate "2025.04.23"]
[SourceVersion "1"]
[SourceVersionDate "2025.04.23"]
[SourceQuality "1"]

1. e4 c6 2. d4 d5 3. f3 Qb6 4. Nc3 dxe4 5. fxe4 e5 6. Nf3 exd4 7. Qxd4 Qxd4 8. Nxd4 Bc5 9. Nb3 Bb4 10. Bd2 Nf6 11. Bd3 0-0 12. 0-0 Be6 13. Rae1 Nbd7 14. a3 Bd6 15. Kh1 Bxb3 16. cxb3 Nc5 17. Bc2 Rfe8 18. b4 Ncd7 19. Bb3 Ne5 20. Bg5 Be7 21. Rf5 Bd8 22. Rd1 h6 23. Be3 Bb6 24. Bc5 Bxc5 25. bxc5 Re7 26. h3 Nfd7 27. Na4 g6 28. Rf2 Kg7 29. Ba2 Nf6 30. Nc3 Ned7 31. b4 a5 32. Rdf1 axb4 33. axb4 Ra3 34. Rf3 Ne5 35. Rxf6 Rxc3 36. R1f2 Re3 37. b5 Rxe4 38. R6f4 Rxf4 39. Rxf4 Nd3 40. Rc4 1-0

[Event "Prague op 23rd"]
[Site "Prague"]
[Date "2025.01.14"]
[Round "6"]
[White "Chan, Kim Yew"]
[Black "Mensing, Adrian"]
[Result "1-0"]
[WhiteElo "2258"]
[BlackElo "2028"]
[PlyCount "37"]
[EventDate "2025.01.10"]
[EventType "swiss"]
[EventRounds "9"]
[EventCountry "CZE"]
[SourceTitle "CB04_2025"]
[SourceDate "2025.01.22"]
[SourceVersion "1"]
[SourceVersionDate "2025.01.22"]
[SourceQuality "1"]

1. Nf3 g6 2. e4 Bg7 3. d4 d6 4. Be2 c6 5. 0-0 d5 6. e5 c5 7. c3 Nc6 8. h3 f6 9. Bb5 a6 10. Bxc6+ bxc6 11. Re1 cxd4 12. cxd4 f5 13. Nc3 c5 14. dxc5 Bb7 15. Nd4 Kf7 16. Qb3 Rb8 17. c6 Ba8 18. Qxd5+ Qxd5 19. Nxd5 1-0

[Event "Prague op 23rd"]
[Site "Prague"]
[Date "2025.01.12"]
[Round "4"]
[White "Lalic, Bogdan"]
[Black "Mensing, Adrian"]
[Result "1/2-1/2"]
[WhiteElo "2321"]
[BlackElo "2028"]
[PlyCount "35"]
[EventDate "2025.01.10"]
[EventType "swiss"]
[EventRounds "9"]
[EventCountry "CZE"]
[SourceTitle "CB04_2025"]
[SourceDate "2025.01.22"]
[SourceVersion "1"]
[SourceVersionDate "2025.01.22"]
[SourceQuality "1"]

1. Nf3 Nf6 2. c4 g6 3. Nc3 Bg7 4. e4 d6 5. d4 0-0 6. Be2 Nbd7 7. 0-0 e5 8. Be3 Qe7 9. Qc2 c6 10. Rad1 h6 11. h3 exd4 12. Rxd4 Nc5 13. b4 Ne6 14. Rd2 a5 15. b5 Nc5 16. Bxc5 dxc5 17. bxc6 bxc6 18. Rfd1 1/2-1/2

[Event "Belgrade Trophy 36th"]
[Site "Belgrade"]
[Date "2023.12.03"]
[Round "9"]
[White "Djokic, Mihailo"]
[Black "Mensing, Adrian"]
[Result "1-0"]
[WhiteElo "2170"]
[BlackElo "2022"]
[PlyCount "77"]
[EventDate "2023.11.25"]
[EventType "swiss"]
[EventRounds "9"]
[EventCountry "SRB"]
[SourceTitle "CBM 217 Extra"]
[Source "ChessBase"]
[SourceDate "2024.01.31"]
[SourceVersion "1"]
[SourceVersionDate "2024.01.31"]
[SourceQuality "1"]

1. e4 c5 2. Nf3 d6 3. d4 cxd4 4. Nxd4 Nf6 5. Nc3 a6 6. Be2 e5 7. Nf3 Be7 8. Bg5 Be6 9. Bxf6 Bxf6 10. Nd5 Nd7 11. 0-0 Rc8 12. Nd2 Bg5 13. Nc4 Nf6 14. Nxf6+ Bxf6 15. Nxd6+ Ke7 16. Nxc8+ Qxc8 17. c3 h5 18. Qa4 Kf8 19. Rad1 h4 20. Qb4+ Kg8 21. f4 exf4 22. Qd6 h3 23. Qxf4 hxg2 24. Rf2 Rh4 25. Qd6 Rh6 26. Rxg2 Bh4 27. Rd5 g6 28. Rc5 Qe8 29. Qf4 Qf8 30. Rc7 Bd8 31. Rxb7 Qc5+ 32. Kh1 Rh4 33. Qb8 Bc8 34. Rd7 Bb6 35. Rd5 Qc6 36. Rd6 Rxh2+ 37. Kxh2 Bc7 38. Qxc8+ Kg7 39. e5 1-0

[Event "Belgrade Trophy 36th"]
[Site "Belgrade"]
[Date "2023.11.29"]
[Round "5"]
[White "Novakovic, Dimitrije A"]
[Black "Mensing, Adrian"]
[Result "0-1"]
[WhiteElo "1584"]
[BlackElo "2022"]
[PlyCount "84"]
[EventDate "2023.11.25"]
[EventType "swiss"]
[EventRounds "9"]
[EventCountry "SRB"]
[SourceTitle "CBM 217 Extra"]
[Source "ChessBase"]
[SourceDate "2024.01.31"]
[SourceVersion "1"]
[SourceVersionDate "2024.01.31"]
[SourceQuality "1"]

1. d4 Nf6 2. c4 g6 3. Nc3 Bg7 4. e4 d6 5. h3 0-0 6. Be3 e5 7. d5 Na6 8. g4 Nc5 9. f3 a5 10. Nge2 c6 11. Qd2 cxd5 12. cxd5 Bd7 13. Ng3 Ne8 14. h4 f5 15. gxf5 gxf5 16. exf5 Bxf5 17. Nxf5 Rxf5 18. Be2 Rc8 19. h5 Kh8 20. Ne4 Nxe4 21. fxe4 Rf7 22. Bg4 Rc4 23. Qg2 Bf6 24. 0-0 Rg7 25. Kh1 Nc7 26. Bh6 Rg8 27. Qf3 Bg5 28. Bxg5 Qxg5 29. Bh3 Nb5 30. Rg1 Qf4 31. Rxg8+ Kxg8 32. Qg2+ Kf8 33. Be6 Qxe4 34. Rf1+ Ke8 35. Qxe4 Rxe4 36. Rf7 Nd4 37. Rxh7 Re2 38. Rxb7 Nf3 39. Rb8+ Ke7 40. Rb7+ Kd8 41. Rb8+ Kc7 42. Rc8+ Kb7 0-1

[Event "Reykjavik op"]
[Site "Reykjavik"]
[Date "2023.04.03"]
[Round "8"]
[White "Andrews, Todd D"]
[Black "Mensing, Adrian"]
[Result "1-0"]
[WhiteElo "2217"]
[BlackElo "2005"]
[PlyCount "56"]
[EventDate "2023.03.29"]
[EventType "swiss"]
[EventRounds "9"]
[EventCountry "ISL"]
[SourceTitle "EXT 2024"]
[Source "ChessBase"]
[SourceDate "2023.10.10"]
[SourceVersion "1"]
[SourceVersionDate "2023.10.10"]
[SourceQuality "1"]

1. e4 c5 2. Nf3 d6 3. d4 cxd4 4. Nxd4 Nf6 5. Nc3 a6 6. Bc4 e6 7. Bb3 b5 8. Be3 Be7 9. Qe2 b4 10. Na4 0-0 11. 0-0-0 Qa5 12. f3 Bd7 13. Nb6 Qxb6 14. Nxe6 Qxe3+ 15. Qxe3 Bxe6 16. Bxe6 fxe6 17. Qb3 d5 18. exd5 exd5 19. Rxd5 Kh8 20. Rd3 Nc6 21. Re1 a5 22. Qa4 Rac8 23. Re6 b3 24. Rxc6 Rxc6 25. Qxc6 bxa2 26. Qa4 a1Q+ 27. Qxa1 Bb4 28. Qa4 Re8 1-0

[Event "Reykjavik op"]
[Site "Reykjavik"]
[Date "2023.03.31"]
[Round "4"]
[White "Lopez Garcia, Carlos"]
[Black "Mensing, Adrian"]
[Result "0-1"]
[WhiteElo "1616"]
[BlackElo "2005"]
[PlyCount "72"]
[EventDate "2023.03.29"]
[EventType "swiss"]
[EventRounds "9"]
[EventCountry "ISL"]
[SourceTitle "CBM 213 Extra"]
[Source "ChessBase"]
[SourceDate "2023.05.31"]
[SourceVersion "1"]
[SourceVersionDate "2023.05.31"]
[SourceQuality "1"]

1. e4 c5 2. Nc3 d6 3. f4 g6 4. Nf3 Bg7 5. Bc4 Nc6 6. 0-0 e6 7. d3 Nge7 8. Qe1 0-0 9. f5 gxf5 10. Qg3 fxe4 11. dxe4 Ng6 12. Be3 Nce5 13. Nxe5 Bxe5 14. Qf2 a6 15. a4 Bd7 16. a5 Bc6 17. Rfd1 Qe7 18. Kh1 Rad8 19. Rd2 Bg7 20. Bb3 Ne5 21. h3 c4 22. Ba2 f5 23. Qe1 f4 24. Bd4 Nd3 25. Qg1 Ne5 26. Rf1 Qg5 27. Bxe5 Bxe5 28. Bxc4 Rf6 29. Rf3 Kh8 30. Qe1 Rg8 31. b4 Be8 32. Na2 Bd4 33. Bf1 Be3 34. Rxd6 Bh5 35. g4 Bxg4 36. h4 Bxf3+ 0-1

[Event "Hoogeveen op 25th"]
[Site "Hoogeveen"]
[Date "2022.10.20"]
[Round "7"]
[White "Mensing, Adrian"]
[Black "Vogel, Jaap"]
[Result "0-1"]
[WhiteElo "2000"]
[BlackElo "2124"]
[PlyCount "78"]
[EventDate "2022.10.15"]
[EventType "swiss"]
[EventRounds "9"]
[EventCountry "NED"]
[SourceTitle "CBM 210 Extra"]
[Source "ChessBase"]
[SourceDate "2022.11.30"]
[SourceVersion "1"]
[SourceVersionDate "2022.11.30"]
[SourceQuality "1"]

1. d4 d5 2. c4 c6 3. Nf3 Nf6 4. g3 Bf5 5. Nc3 e6 6. Qb3 Qb6 7. c5 Qc7 8. Nh4 Bg6 9. Bf4 Qc8 10. Nxg6 hxg6 11. Qc2 Nbd7 12. b4 Be7 13. h4 Nh5 14. Bg5 Nhf6 15. Bg2 a5 16. bxa5 Rxa5 17. Rb1 e5 18. e3 Qa8 19. 0-0 Ra3 20. Rb2 Qa5 21. Nb1 Ra4 22. Rd1 0-0 23. Rxb7 Rxa2 24. Qb3 Re8 25. Bh3 exd4 26. Bxd7 Nxd7 27. Rxd7 Bxg5 28. hxg5 dxe3 29. fxe3 Re2 30. Rf1 R2xe3 31. Qb6 Qa4 32. Kh2 Qg4 33. Qc7 Re2+ 34. Kg1 Qe4 35. Rf2 Re1+ 36. Rf1 Rxf1+ 37. Kxf1 Qf3+ 38. Kg1 Re1+ 39. Kh2 Rh1# 0-1

[Event "Hoogeveen op 25th"]
[Site "Hoogeveen"]
[Date "2022.10.17"]
[Round "3"]
[White "Koes, Richard"]
[Black "Mensing, Adrian"]
[Result "0-1"]
[WhiteElo "1755"]
[BlackElo "2000"]
[PlyCount "86"]
[EventDate "2022.10.15"]
[EventType "swiss"]
[EventRounds "9"]
[EventCountry "NED"]
[SourceTitle "CBM 210 Extra"]
[Source "ChessBase"]
[SourceDate "2022.11.30"]
[SourceVersion "1"]
[SourceVersionDate "2022.11.30"]
[SourceQuality "1"]

1. e4 c5 2. Nf3 d6 3. d4 cxd4 4. Nxd4 Nf6 5. Nc3 a6 6. Be2 e5 7. Nb3 Be7 8. 0-0 0-0 9. Be3 Be6 10. f3 Nbd7 11. Nd5 Bxd5 12. exd5 a5 13. c4 Qc7 14. Nd2 Nc5 15. Qc2 h5 16. h3 h4 17. Ne4 Nh5 18. Ng5 f5 19. f4 Nxf4 20. Bxf4 exf4 21. Ne6 Nxe6 22. dxe6 Qc5+ 23. Kh1 g5 24. Bh5 Rac8 25. Bf7+ Kg7 26. Qe2 Qe5 27. Qf3 Rc7 28. b3 b5 29. Rfe1 Qf6 30. cxb5 Rc3 31. Qd5 g4 32. Rac1 Rfc8 33. Rxc3 Qxc3 34. Rg1 Rc5 35. Qd1 Qg3 36. b6 f3 37. hxg4 fxg4 38. b7 d5 39. b8Q Qxb8 40. Qb1 Qh8 41. gxf3 g3 42. Qg6+ Kf8 43. Qd3 Qb2 0-1